| 000 | 00761nam a2200217 a 4500 | ||
|---|---|---|---|
| 003 | 0 | ||
| 005 | 20250206155419.0 | ||
| 008 | 130829s19uu xx 00 eng d | ||
| 050 |
_aPGS S 655.5 _b.K49 2013 |
||
| 100 | _aKim, Jane (Yejin). | ||
| 245 |
_aMalunggay and kakawate leaves as fertilizers / _cKim, Jane (Yejin). |
||
| 260 |
_aLas PiƱas City, Philippines : _bSouthville International School and Colleges, _c2013. |
||
| 300 |
_a19 pages : _billustrations ; _c28 cm. |
||
| 504 | _aIncludes bibliographical references. | ||
| 650 | _aFertilizers, Organic. | ||
| 650 | _aGreen fertilizers. | ||
| 650 | _a Plant nutrition. | ||
| 650 | _aMalunggay (Moringa) in agriculture. | ||
| 650 | _aKakawate (Gliricidia sepium) in agriculture. | ||
| 942 |
_2lcc _cPASS |
||
| 999 |
_c99027 _d99027 |
||